Statistics for Champions League finals goalscorers

Click here to take the quiz!

General Stats

  • This quiz has been taken 40 times
    (14 since last reset)
  • The average score is 51 of 181

Answer Stats

Goals (total)PlayerClub(s)% Correct
3Cristiano RonaldoManchester United FC/Real Madrid CF
100%
2Didier DrogbaChelsea FC
100%
2Lionel MessiFC Barcelona
100%
2RaúlReal Madrid CF
100%
2Diego Alberto MilitoFC Internazionale
90%
3Gerd MüllerFC Bayern Munich
90%
1Luis SuárezFC Barcelona
90%
3Sergio RamosReal Madrid CF
90%
1Steven GerrardLiverpool FC
90%
1Thomas MüllerFC Bayern Munich
90%
1Wayne RooneyManchester United FC
90%
1DecoFC Porto
80%
1Fernando MorientesReal Madrid CF
80%
2Filippo InzaghiAC Milan
80%
2Gareth BaleReal Madrid CF
80%
1Mario MandžukićFC Bayern Munich
80%
1Ole Gunnar SolskjærManchester United FC
80%
1Paolo MaldiniAC Milan
80%
1Xabi AlonsoLiverpool FC
80%
1Zinedine ZidaneReal Madrid CF
80%
1Álvaro MorataJuventus FC
70%
1Arjen RobbenFC Bayern Munich
70%
3EusébioSL Benfica
70%
1NeymarFC Barcelona
70%
1PedroFC Barcelona
70%
1Philipp LahmFC Bayern Munich
70%
2Samuel Eto'oFC Barcelona
70%
1Teddy SheringhamManchester United FC
70%
2Alessandro Del PieroJuventus FC
60%
7Alfredo Di StefanoReal Madrid CF
60%
1David VillaFC Barcelona
60%
7Ferenc PuskásReal Madrid CF
60%
3Frank LampardChelsea FC
60%
2Hernán CrespoAC Milan
60%
1Ivan RakitićFC Barcelona
60%
1Patrick KluivertAjax Amsterdam
60%
2Ronald KoemanPSV Eindhoven/FC Barcelona
60%
2Vladimír ŠmicerLiverpool FC
60%
2Ashley ColeChelsea FC
50%
1Dirk KuytLiverpool FC
50%
1Frank RijkaardAC Milan
50%
1İlkay GündoğanBorussia Dortmund
50%
2Johan CruyffAjax Amsterdam
50%
1Lars RickenBorussia Dortmund
50%
1Marcel DesaillyAC Milan
50%
2Marco Van BastenAC Milan
50%
2Ruud GullitAC Milan
50%
1Sol CampbellArsenal FC
50%
1Yannick FerreiraAtlético Madrid
50%
1Andriy ShevchenkoAC Milan
40%
2Bobby CharltonManchester United FC
40%
1Diego GodínAtlético Madrid
40%
1Fabrizio RavanelliJuventus FC
40%
2Gaizka MendietaValencia CF
40%
1George BestManchester United FC
40%
2Juliano BellettiFC Barcelona/Chelsea FC
40%
2MarceloReal Madrid CF
40%
1Ryan GiggsManchester United FC
40%
2Stefan EffenbergFC Bayern Munich
40%
1Steve McManamanReal Madrid CF
40%
1Antoine GriezmannAtlético Madrid
30%
1Bixente LizarazuFC Bayern Munich
30%
2Daniele MassaroAC Milan
30%
1Dejan SavićevićAC Milan
30%
2Francisco GentoReal Madrid CF
30%
1Ian RushLiverpool FC
30%
1Jair da CostaFC Internazionale
30%
1KakáAC Milan
30%
2Karl-Heinz RiedleBorussia Dortmund
30%
1Kenny DalglishLiverpool FC
30%
1Mario BaslerFC Bayern Munich
30%
1Predrag MijatovićReal Madrid CF
30%
2Alan KennedyLiverpool FC
20%
1Alessandro NestaAC Milan
20%
1AndersonManchester United FC
20%
1Basile BoliOlympique de Marseille
20%
1Brian KiddManchester United FC
20%
1Ciro FerraraJuventus FC
20%
1Darko PančevRed Star Belgrade
20%
1David LuizChelsea FC
20%
1Dietmar HamannLiverpool FC
20%
1Djibril CisséLiverpool FC
20%
1Gianluca PessottoJuventus FC
20%
2Jari LitmanenAjax Amsterdam
20%
1Jean-Pierre PapinOlympique de Marseille
20%
1Johnny RepAjax Amsterdam
20%
1Mario GómezFC Bayern Munich
20%
1Michael BallackChelsea FC
20%
1Michael CarrickManchester United FC
20%
1Michel PlatiniJuventus FC
20%
1NaniManchester United FC
20%
3Phil NealLiverpool FC
20%
1Tommy SmithLiverpool FC
20%
1Trevor FrancisNottingham Forest FC
20%
1Vladimir JugovićJuventus FC
20%
1Agostino Di BartolomeiAS Roma
10%
1Alexander ZicklerFC Bayern Munich
10%
1Allan SimonsenBorussia Mönchengladbach
10%
1Amancio AmaroReal Madrid CF
10%
1Arnold ScholtenAjax Amsterdam
10%
1Bernard CasoniOlympique de Marseille
10%
1Carlos AlbertoFC Porto
10%
2Carlos MozerSL Benfica/Olympique de Marseille
10%
1Carlos TevezManchester United FC
10%
1Dick Van DijkAjax Amsterdam
10%
1Dmitri AlenichevFC Porto
10%
1Felix MagathHamburger SV
10%
2Franz RothFC Bayern Munich
10%
1GabiAtlético Madrid
10%
1Gavril BalintFC Steaua București
10%
1Gerald VanenburgPSV Eindhoven
10%
1Graeme SounessLiverpool FC
10%
1Hans-Georg SchwarzenbeckFC Bayern Munich
10%
1Hasan SalihamidžićFC Bayern Munich
10%
1John CarewValencia CF
10%
1Lucas VázquezReal Madrid CF
10%
1Manuel NeuerFC Bayern Munich
10%
1Marius LăcătuşFC Steaua București
10%
1MarquitosReal Madrid CF
10%
1Miodrag BelodediciRed Star Belgrade
10%
1Owen HargreavesManchester United FC
10%
1Peter WitheAston Villa FC
10%
3Pierino PratiAC Milan
10%
1Rabah MadjerFC Porto
10%
1Roberto PruzzoAS Roma
10%
1Rubén BarajaValencia CF
10%
1Salomon KalouChelsea FC
10%
1SaúlAtlético Madrid
10%
1Siniša MihajlovićRed Star Belgrade
10%
2Tommy GemmellCeltic FC
10%
2Uli HoeneßFC Bayern Munich
10%
1Alessandro BirindelliJuventus FC
0%
1Angelo Benedicto SormaniAC Milan
0%
1António PachecoSL Benfica
0%
1Antoni RamalletsFC Barcelona (own goal)
0%
1Anton JanssenPSV Eindhoven
0%
1Arie HaanAjax Amsterdam
0%
1Aurelio MilaniFC Internazionale
0%
1DitoSL Benfica
0%
1Domiciano CavémSL Benfica
0%
1Dragiša BinićRed Star Belgrade
0%
1Elzo CoelhoSL Benfica
0%
1Enrique MateosReal Madrid CF
0%
1Ernesto GrilloAC Milan
0%
2Erwin SteinEintracht Frankfurt
0%
1FeloReal Madrid CF
0%
1Fernando SerenaReal Madrid CF
0%
3Héctor RialReal Madrid CF
0%
1Ivan NielsenPSV Eindhoven
0%
1Jaime GraçaSL Benfica
0%
1Jean TemplinStade de Reims
0%
1John RobertsonNottingham Forest FC
0%
1Jon Dahl TomassonAC Milan
0%
2José ÁguasSL Benfica
0%
2José AltafiniAC Milan
0%
1Juan Alberto SchiaffinoAC Milan
0%
1JuaryFC Porto
0%
1Kily GonzálezValencia CF
0%
1Lucimar Ferreira da SilvaBayer Leverkusen
0%
1Ludwig KöglFC Bayern Munich
0%
1Luis AragonésAtlético Madrid
0%
2Mário ColunaSL Benfica
0%
1Michele PadovanoJuventus FC
0%
1Michel HidalgoStade de Reims
0%
1Michel LeblondStade de Reims
0%
1Ove KindvallFeyenoord
0%
1Redouane HajrySL Benfica
0%
1Richard KreẞEintracht Frankfurt
0%
1Rinus IsraëlFeyenoord
0%
1Robert ProsinečkiRed Star Belgrade
0%
1Sándor KocsisFC Barcelona
0%
3Sandro MazzolaFC Internazionale
0%
1SerginhoAC Milan
0%
1Søren LerbyPSV Eindhoven
0%
1Steve ChalmersCeltic FC
0%
1Terry McDermottLiverpool FC
0%
1Thomas LinkeFC Bayern Munich
0%
1Ubaldo RighettiAS Roma
0%
2Velibor VasovićFK Partizan/Ajax Amsterdam
0%
1Wim KieftPSV Eindhoven
0%
1Zoltán CziborFC Barcelona
0%

Score Distribution

Percentile by Number Answered

Percent of People with Each Score

Your Score History

You have not taken this quiz since the last reset